Statistiken für Airline zu Land (Europa)

Klicken Sie hier um das Quiz zu spielen!

Allgemein

  • Dieses Quiz wurde 158 mal gespielt
  • Das Durchschnittsergebnis liegt bei 16 aus 22

Antwortstatistiken

LandAirline% Korrekt
DeutschlandLufthansa / Eurowings / Germanwings
99%
FrankreichAirFrance
93%
SchweizSwiss International Airlines
93%
NiederlandeKLM Royal Dutch Airlines
91%
PolenLOT Polish Airlines
85%
IrlandAer Lingus / RyanAir
84%
FinnlandFinnair
84%
TürkeiTurkish Airlines / Pegasus Airlines
84%
GroßbritannienBritish Airways / FlyBe / Jet2Com
83%
SpanienIberia / Vueling / Air Europa
81%
RusslandAeroflot
80%
ÖsterreichAustrian Airlines
79%
ItalienAlitalia / Air Dolomiti
75%
PortugalTAP Air Portugal
66%
IslandIcelandair
65%
BelgienBrussel Airlines
60%
SerbienAir Serbia
55%
Dänemark/SchwedenScandinavian Airways
55%
TschechienCzech Airlines
49%
GriechenlandAegean Airlines
47%
RumänienTAROM
34%
SlowenienAdria Airways
32%

Verteilung der Resultate

Perzentil nach korrekt beantworteten Fragen

Anzahl Personen mit jedem Resultat

Ihre Resultats-Entwicklung

Sie haben dieses Quiz noch nicht gespielt